LEADER 01141nam a2200265 i 4500 001 991003749279707536 008 060630s1999 mau b 001 0 eng d 020 $a020161586X 035 $ab13745864-39ule_inst 040 $aDip.to Ingegneria dell'Innovazione$beng 082 0 $a005.1$221 100 1 $aKernighan, Brian W.$06059 245 14$aThe practice of programming /$cBrian W. Kernighan, Rob Pike 260 $aReading, MA :$bAddison-Wesley,$cc1999 300 $axii, 267 p. ;$c24 cm 440 0$aAddison-Wesley professional computing series 504 $aIncludes bibliographical references and index 650 4$aComputer programming 700 1 $aPike, Rob.$eauthor$4http://id.loc.gov/vocabulary/relators/aut$042389 907 $a.b13745864$b28-01-14$c25-06-08 912 $a991003749279707536 945 $aLE026 005.1 KER 01.01 1999$g1$i2026000032610$lle026$mTesto collocato sopra gli scaffali della SEZIONE-INFORMATICA$nProf. Cafaro / Biblioteca$op$pE31.95$q-$rl$ss $t4$u4$v2$w4$x0$y.i14785481$z26-06-08 996 $aPractice of programming$934993 997 $aUNISALENTO 998 $ale026$b30-06-06$cm$da $e-$feng$gmau$h4$i0 LEADER 04279nam 22008655 450 001 9910299692703321 005 20200706071922.0 010 $a3-319-12997-X 024 7 $a10.1007/978-3-319-12997-6 035 $a(CKB)3710000000371981 035 $a(EBL)1998191 035 $a(OCoLC)904338864 035 $a(SSID)ssj0001465342 035 $a(PQKBManifestationID)11833319 035 $a(PQKBTitleCode)TC0001465342 035 $a(PQKBWorkID)11470767 035 $a(PQKB)11028519 035 $a(DE-He213)978-3-319-12997-6 035 $a(MiAaPQ)EBC1998191 035 $a(PPN)184890470 035 $a(EXLCZ)993710000000371981 100 $a20150302d2015 u| 0 101 0 $aeng 135 $aur|n|---||||| 181 $ctxt 182 $cc 183 $acr 200 10$aAdvanced Connection Systems for Architectural Glazing /$fby Roham Afghani Khoraskani 205 $a1st ed. 2015. 210 1$aCham :$cSpringer International Publishing :$cImprint: Springer,$d2015. 215 $a1 online resource (129 p.) 225 1 $aPoliMI SpringerBriefs,$x2282-2577 300 $aDescription based upon print version of record. 311 $a3-319-12996-1 320 $aIncludes bibliographical references at the end of each chapters and index. 327 $aFrom the Contents: Building envelope and mechanical compatibility with building structure -- Glass curtain wall systems and seismic behavior -- Advanced connection devices for building envelope systems -- Rotational friction connection devices: a novel approach towards friction connection devices for glazed envelope systems. 330 $aThis book presents the findings of a detailed study to explore the behavior of architectural glazing systems during and after an earthquake and to develop design proposals that will mitigate or even eliminate the damage inflicted on these systems. The seismic behavior of common types of architectural glazing systems are investigated and causes of damage to each system, identified. Furthermore, depending on the geometrical and structural characteristics, the ultimate horizontal load capacity of glass curtain wall systems is defined based on the stability of the glass components. Detailed attention is devoted to the incorporation of advanced connection devices between the structure of the building and the building envelope system in order to minimize the damage to glazed components. An innovative new connection device is introduced that results in a delicate and functional system easily incorporated into different architectural glazing systems, including those demanding maximum transparency. 410 0$aPoliMI SpringerBriefs,$x2282-2577 606 $aBuildings?Design and construction 606 $aBuilding 606 $aConstruction 606 $aEngineering, Architectural 606 $aVibration 606 $aDynamics 606 $aDynamics 606 $aCeramics 606 $aGlass 606 $aComposite materials 606 $aComposite materials 606 $aBuilding Construction and Design$3https://scigraph.springernature.com/ontologies/product-market-codes/T23012 606 $aVibration, Dynamical Systems, Control$3https://scigraph.springernature.com/ontologies/product-market-codes/T15036 606 $aCeramics, Glass, Composites, Natural Materials$3https://scigraph.springernature.com/ontologies/product-market-codes/Z18000 615 0$aBuildings?Design and construction. 615 0$aBuilding. 615 0$aConstruction. 615 0$aEngineering, Architectural. 615 0$aVibration. 615 0$aDynamics. 615 0$aDynamics. 615 0$aCeramics. 615 0$aGlass. 615 0$aComposite materials. 615 0$aComposite materials. 615 14$aBuilding Construction and Design. 615 24$aVibration, Dynamical Systems, Control. 615 24$aCeramics, Glass, Composites, Natural Materials. 676 $a721.04496 700 $aAfghani Khoraskani$b Roham$4aut$4http://id.loc.gov/vocabulary/relators/aut$0721015 801 0$bMiAaPQ 801 1$bMiAaPQ 801 2$bMiAaPQ 906 $aBOOK 912 $a9910299692703321 996 $aAdvanced Connection Systems for Architectural Glazing$91413143 997 $aUNINA